Desarrollo de un CRM de licencia libre con la herramienta Oracle Express Editions
Presenta un Software de CRM (Customer Relationship Management) de fuente abierta y licencia libre mediante la implementación de las herramientas de desarrollo Oracle Express Edition enfocado a las pequeñas y medianas empresas de Nicaragua para administrar sus contactos y clientes de forma oportuna...
| Main Authors: | , |
|---|---|
| Other Authors: | |
| Format: | Tesis Section = Libro |
| Language: | Undetermined Spanish |
| Published: |
Managua
UNI
2013
|
| Subjects: |
| LEADER | 01159nam a2200253Ia 4500 | ||
|---|---|---|---|
| 008 | 240830s9999 xx 000 0 und d | ||
| 040 | |a BIBLIOTECA-RUSB/ Mon 005.74 R696 | ||
| 041 | |a spa | ||
| 082 | |a Mon 005.74 R696 | ||
| 100 | 1 | |a Rodríguez Huerta, Jonathan Josué | |
| 100 | 1 | |b Sandino Rivera, Julio Cesar | |
| 245 | 1 | 0 | |a Desarrollo de un CRM de licencia libre con la herramienta Oracle Express Editions |
| 260 | |a Managua |b UNI |c 2013 | ||
| 300 | |a 144 p. :il. | ||
| 502 | |a Tesis (Ingeniero en Computación) - UNI, 2013. | ||
| 520 | 3 | |a Presenta un Software de CRM (Customer Relationship Management) de fuente abierta y licencia libre mediante la implementación de las herramientas de desarrollo Oracle Express Edition enfocado a las pequeñas y medianas empresas de Nicaragua para administrar sus contactos y clientes de forma oportuna. | |
| 650 | 7 | |a SISTEMAS DE ADMINISTRACION DE BASES DE DATOS | |
| 650 | 7 | |b BASES DE DATOS - ORACLE EXPRESS EDITIONS | |
| 650 | 7 | |c ARCHIVOS DE DATOS Y BASE DE DATOS | |
| 650 | 7 | |d SISTEMA DE INFORMACION WEB | |
| 700 | 1 | |a Tutor: |b Luna Molina, Magda Auxiliadora | |
| 942 | |c BK |2 ddc | ||
| 991 | |a TESIS | ||
| 999 | |c 19822 | ||